Responses for Show #5935 - Friday, June 4, 2010

Contestants

[<< previous game]

J.R. Lind, a newspaper reporter from Murfreesboro, Tennessee

Felicia Ko, a stay-at-home mom from Pleasant Gap, Pennsylvania

Jeff Johnson, a transcriber from Louisville, Kentucky (whose 2-day cash winnings total $33,500)

[next game >>]

Jeopardy! Round responses

IT BORDERS INDIA
(Alex: Probably talking about countries, aren't we?)
CLASSIC ADS & JINGLES
OCCUPATIONS
& CROWN THY GOOD
WITH BROTHERHOOD
FROM T TO SHINING T
(Alex: Each correct response in that category begins and ends with the letter T.)
    $200 1
China

J.R.
    $200 4
Kentucky Fried Chicken

Felicia
    $200 11
cook (or chef)

J.R.
    $200 26
(Alex: Great--not super.)

Alexander the Great

Felicia
    $200 16
Jonas

Felicia
    $200 21
talent

J.R.
    $400 2
Pakistan

J.R.
    $400 5
FedEx

Felicia
    $400 12
(Alex: Yep. A refrigerated truck.)

chicken

J.R.
    $400 27
Peter the Great

Jeff
    $400 17
the Jacksons

J.R.
    $400 22
ticket

J.R.
    $600 3
Myanmar (or Burma)

Felicia
    $600 6
(Jeff: What is Betamax?)

Memorex

JeffFelicia
    $600 13
paramedics

J.R.
    $600 28
Norway

Jeff
    $600 18
Nelson

J.R.
    $600 23
a tempest

Felicia
    $800 8
Bangladesh

Felicia
    $800 7
BMW

Jeff
    $800 14
a color commentator

J.R.
    $800 29
Greece

J.R.
    $800 19
the Allman Brothers

Felicia
    $800 24
a trumpet

Felicia
    $1,000 9
(Alex: [*] is right, yes. In the Himalayas.)

Nepal

Felicia
    $1000 10
(J.R.: What is UPS?)

IBM

J.R.
Triple Stumper
    $1000 15
a beater

J.R.
    $1000 30
Leonidas

Jeff
    $1000 20
Hanson

Felicia
    $1000 25
tact

Felicia

Scores at the first commercial break (after clue 15):

Jeff Felicia J.R.
$200 $3,600 $2,600

Scores at the end of the Jeopardy! Round:

Jeff Felicia J.R.
$2,200 $8,200 $5,000

Double Jeopardy! Round responses

RUSSIAN LITERATURE
CINEMA OF "BLOOD"
SURVIVAL AT SEA
PARTS OF THE WHOLE
PARENT & CHILD NOBEL WINNERS
EPONYMS
    $400 28
Crime and Punishment

J.R.
    $400 20
There Will Be Blood

Jeff
    $400 8
an inflatable raft

J.R.
    $400 3
a door

J.R.
    $400 30
electron

J.R.
    $400 13
a Judas

J.R.
    $800 29
Chekhov

Jeff
    $800 22
Blood Diamond

Jeff
    $800 9
Atlantic Ocean

J.R.
    $800 4
(Alex: We're gonna accept that. And our judges say you got it in just in the nick of time. So pick again.)

horse tack

J.R.
    $800 1
fermentation

Triple Stumper
    $800 14
(Alex: [*], yes, Jakob Ammann.)

the Amish

J.R.
    $1200 25
(Alex: Yes, with less than a minute to go.)

Lara

J.R.
    $1200 27
First Blood

J.R.
    $1200 10
Costa Rica

Jeff
    $1200 5
a snail

J.R.
    $1200 2
x-ray

Felicia
    $1200 15
Phillips

Felicia
    $1600 24
Solzhenitsyn

Jeff
    $1600 26
(Felicia: What is The Texas Chainsaw Massacre?)

Blood Simple

JeffFelicia
    $1600 11
an albatross

Felicia
    $1600 6
a thermometer

J.R.
    $1600 18
Bohr

Felicia
    $2,500 16
(Felicia: Who is...)
(Alex: Say something.)
(Felicia: I don't know.)

Hector

Felicia
    $2000 23
(Nikolay) Gogol

Jeff
    $2000 21
Bloodsport

J.R.
    $2,500 12
Captain Bligh

Felicia
    $2000 7
a pool table

Felicia
    $2000 19
RNA

Triple Stumper
    $2000 17
(J.R.: What is simonizing?)

Sanforizing

J.R.
Triple Stumper

Scores at the end of the Double Jeopardy! Round:

Jeff Felicia J.R.
$10,600 $14,200 $14,600

[wagering suggestions for these scores]

Final Jeopardy! Round responses

AMERICAN POLITICIANS
(Alex: And one of them was mentioned earlier in this program, though not in a clue.)
JeffWho are Nixon & Agnew
$4,100
FeliciaWho is Nixon and Agnew?
$8,001
J.R.Who were Nixon + Agnew?
$13,801
Richard Nixon & Spiro Agnew

Final scores:

Jeff Felicia J.R.
$14,700 $22,201 $28,401
3rd place: $1,000 2nd place: $2,000 New champion: $28,401

Game dynamics:

Coryat scores:

Jeff Felicia J.R.
$10,600 $16,200 $14,600
11 R,
1 W
19 R
(including 2 DDs),
2 W
(including 1 DD)
25 R,
2 W

Combined Coryat: $41,400

[game clues] [game scores] [suggest correction]

Game tape date: 2010-02-10
The J! Archive is created by fans, for fans. Scraping, republication, monetization, and malicious use prohibited; this site may use cookies and collect identifying information. See terms. The Jeopardy! game show and all elements thereof, including but not limited to copyright and trademark thereto, are the property of Jeopardy Productions, Inc. and are protected under law. This website is not affiliated with, sponsored by, or operated by Jeopardy Productions, Inc. Join the discussion at JBoard.tv.